Tredici lune /

Kaydedildi:
Detaylı Bibliyografya
Yazar: Stoccoro, Giancarlo (Yazar)
Materyal Türü: Kitap
Dil:İtalyanca
Baskı/Yayın Bilgisi: Grottaminarda (Av) : Delta 3, 2024
Seri Bilgileri:Aeclanum
Etiketler: Etiketle
Etiket eklenmemiş, İlk siz ekleyin!

MARC

LEADER 00000nam a22000007i 4500
001 IT\ICCU\BVE\0981689
003 ItRI
005 20250716192510.0
008 241014s2024 it |||||| ||||| |||||c
020 |a 9791255142300 
040 |b ita  |c Arcigay Viterbo 
041 7 |a ita  |2 ISO-639-2 
100 1 |a Stoccoro, Giancarlo  |0 IT\ICCU\LO1V\302073  |4 aut 
240 1 0 |a Tredici lune  |9 Stoccoro, Giancarlo 
245 1 0 |a Tredici lune /  |c Gancarlo Stoccoro. 
260 |a Grottaminarda (Av) :  |b Delta 3,  |c 2024 
300 |a 163 p. ;  |c 19 cm 
830 0 |a Aeclanum  |0 IT\ICCU\LIG\0334728 
942 |2 ddc  |c BK 
952 |0 0  |1 0  |2 ddc  |4 0  |6 851_910000000000000_STO_TRE  |7 0  |9 8088  |a VT  |b VT  |d 2025-07-16  |e Donazione Maurizio Gregorini  |i B171  |l 0  |o 851.91 STO TRE  |p B171  |r 2025-07-16 19:28:29  |w 2025-07-16  |y BK  |z Donazione Maurizio Gregorini 
981 1 |6 z01  |a i   |b xxxe  
982 1 |6 z01  |a n 
999 |c 6773  |d 6773